|
|
|
|
| LEADER |
01035nam a2200289 4500 |
| 001 |
c000069275 |
| 003 |
CARM |
| 005 |
20110506121107.0 |
| 008 |
731206s1973 enk b 00110 eng |
| 015 |
|
|
|a GB***
|
| 019 |
1 |
|
|a 508723
|z 40732270
|z 21702970
|z 57706699
|5 LACONCORD2021
|
| 020 |
|
|
|a 0412109506
|
| 035 |
|
|
|a (OCoLC)790246
|5 LACONCORD2021
|
| 040 |
|
|
|a VCAV
|c VCAV
|
| 050 |
0 |
0 |
|a QH431
|b .F68 1973
|
| 082 |
0 |
4 |
|a 573.2/1
|
| 100 |
1 |
|
|a Ford, E. B.
|q (Edmund Brisco),
|d 1901-
|
| 245 |
1 |
0 |
|a Genetics for medical students /
|c [by] E. B. Ford.
|
| 250 |
|
|
|a [7th ed.]
|
| 260 |
|
|
|a London, :
|b Chapman and Hall; distributed by Halsted Press, New York,
|c [1973].
|
| 300 |
|
|
|a xvi, 240 p. ;
|c 23 cm.
|
| 504 |
|
|
|a Bibliography: p. 219-228.
|
| 650 |
|
0 |
|a Human genetics.
|
| 650 |
|
0 |
|a Heredity, Human.
|
| 852 |
8 |
|
|b CARM
|h A1:AQ24B0
|i B10581
|p 0499698
|f BK
|
| 999 |
f |
f |
|i b7227c46-7af7-5228-a364-1eb55cce43da
|s c1af6efc-a3c8-58f4-b1a5-07ad5bbbd3ed
|
| 952 |
f |
f |
|p Can circulate
|a CAVAL
|b CAVAL
|c CAVAL
|d CARM 1 Store
|e B10581
|f A1:AQ24B0
|h Other scheme
|i book
|m 0499698
|